000
00311nam a22001337a 4500
008
180928b xxu||||| |||| 00| 0 eng d
020
_a
9780130176882
041
_a
eng
080
_2
8 ED
_a
541
100
_a
12
101
_a
KIM
245
_a
Experiments In General Chemistry
_c
Petrucci,H
942
_2
udc
_c
BK
999
_c
48657
_d
48657